| 000 | 00441nam a2200181Ia 4500 | ||
|---|---|---|---|
| 001 | 13420 | ||
| 005 | 20260306164800.0 | ||
| 008 | 260306t2010||||xx |||||||||||||| ||spa|| | ||
| 041 | _aESP | ||
| 082 |
_a004.04 _bB97 |
||
| 100 |
_aButtcher, Stefan _eAUT |
||
| 245 | 0 |
_aInformation retrieval: _bimplementing and evaluating search engines |
|
| 260 | _c2010 | ||
| 300 |
_a _c |
||
| 650 | _aGEN | ||
| 654 | _aCCC | ||
| 942 |
_cLIB _dJUS _fJUS _2ddc _n |
||
| 999 |
_c13420 _d13420 |
||